Countries with embassies and consulates in the Bahamas - Statistics

General Stats
  • This quiz has been taken 67 times
  • The average score is 5 of 5
Answer Stats
Continent Country % Correct
North America United States of America
100%
Asia China
97%
South America Brazil
91%
North America Cuba
90%
North America Haiti
84%
No matching quizzes found
Score Distribution
Percent of People with Each Score
Percentile by Number Answered
Your Score History
You have not taken this quiz